| 000 | 00769am a2200289a 44500 | ||
|---|---|---|---|
| 005 | 20160923111630.0 | ||
| 008 | 150325b xxu||||| |||| 00| 0 spa d | ||
| 041 | _aES | ||
| 082 |
_a1.10.13 _bO63a |
||
| 100 |
_aOrganización Mundial del Turismo _99368 |
||
| 245 | _aLas Américas | ||
| 260 | _aEspaña | ||
| 260 | _bOMT | ||
| 260 | _c2002 | ||
| 300 | _a356 páginas | ||
| 650 |
_aMERCADEO TURISTICO _91910 |
||
| 650 |
_aAMERICA _911139 |
||
| 650 |
_aAMERICA DEL NORTE _98965 |
||
| 650 |
_aEL CARIBE _922325 |
||
| 650 |
_aAMERICA CENTRAL _97733 |
||
| 650 |
_aAMERICA DEL SUR _98966 |
||
| 650 |
_aESTADISTICA TURISTICA _93779 |
||
| 650 |
_aTURISMO INTERNACIONAL _922326 |
||
| 650 |
_aECOTURISMO _9923 |
||
| 650 |
_aDESARROLLO TURISTICO _95393 |
||
| 942 | _cBK | ||
| 999 |
_c1020 _d1020 |
||